000 00580nam a2200157 i 4500
001 88606
003 ES-MaACL
007 t|
008 050105s1924 fr ||||1| fre d
100 1 _aLambert, Edouard.
_969808
245 1 3 _aLa Lutte judiciaire du capital et du travail organisés aux États-Unis
_b: le boycottage, le picketing et la grève de sympathie... /
_cpar Edouard Lambert [et] Halfred C. Brown.
260 _aParís :
_b[s.n.,
_c1924] (
_fNoviclere & Fénetrier)
300 _aXIII, 469 p. ;
_c23 cm.
700 1 _aBrown, Harold C.
_931994
852 _aES-MaACL
_jB-4436
999 _c88606
_d88606